Statistics for Amerling erste Klasse: Aus dem Leben Jesu

Click here to take the quiz!

General Stats

  • This quiz has been taken 131 times
  • The average score is 8 of 10

Answer Stats

QuestionAnswer% Correct
Joseph, der Ziehvater Jesu, war von BerufZimmermann
98%
Seine engsten Mitarbeiter nannte JesusApostel
98%
Welcher Religion gehörten Maria und Joseph an?Sie waren Juden
96%
Was ist das Sabbatgebot?Die Vorschrift, am Samstag (= Sabbat) nicht zu arbeiten
91%
Wer taufte Jesus?Johannes der Täufer
87%
Eine jüdische Gruppe, mit der Jesus manchmal stritt, waren diePharisäer
85%
Wo wurde Jesus geboren?Bethlehem
79%
Was machte Jesus während seines öffentlichen Wirkens?alle drei Antworten sind richtig
74%
Was geschah im Jordan?Jesus wurde dort getauft
72%
Bei der Brotvermehrung vermehrte Jesus Brot undFische
55%

Score Distribution

Percentile by Number Answered

Percent of People with Each Score

Your Score History

You have not taken this quiz